000 00673nam a2200205 a 4500
001 12373
003 CO-ViMGA
008 141112s2004 ck r 000 u spa d
040 _aCO-ViMGA
_bspa
_cCO-ViMGA
082 0 4 _a350.986 C15m
100 1 _aCampo, Cabal Juan
_917701
245 1 0 _aMedidas cautelares en el contencioso administrativo
260 _aBogotá :
_bTemis,
_c1989
300 _a252p.
590 _aForma de adquisición : DONACION - - Proveedor : MANUEL DARIO RODRIGUEZ - - Fecha de adquisición : 05 - 19 - 2000
650 1 4 _aACTOS ADMINISTRATIVOS
_917702
650 1 4 _aCOLOMBIA
_917703
650 1 4 _aPROCEDIMIENTO ADMINISTRATIVO
_917704
942 _2ddc
_cBK
999 _c23382
_d23382